000 00633nam a2200217 4500
001 764
005 20181127162017.0
010 0 0 _a
020 0 0 _a8175810874
090 0 0 _a823.912 C7541h L196 2001
100 0 0 _aConrad, Joseph.
245 0 0 _aHeart of darkness :
_bA critical study /
_cJoseph Conrad; edited by Ramji Lall.
_h
250 0 0 _a10th ed.
260 0 0 _aNew Delhi :
_bRama Brothers,
_c2001.
300 0 0 _axi, 215 p.
500 0 0 _a
650 0 0 _aConrad, Joseph, 1857-1924. Heart of darkness.
_x
650 0 0 _aEuropeans --Africa --Fiction.
_x
650 0 0 _aImperialism --Fiction.
_x
651 _aAfrica --
_vFiction.
_x
_y
_z
_2
999 _c557
_d557